书目信息 |
| 题名: |
河道修防工与防治工
|
|
| 作者: | 杨树林 主编 | |
| 分册: | ||
| 出版信息: | 郑州 黄河水利出版社 1999.01 |
|
| 页数: | 548页 | |
| 开本: | 32开 | |
| 丛书名: | ||
| 单 册: | ||
| 中图分类: | TV85 | |
| 科图分类: | ||
| 主题词: | 河道整治 | |
| 电子资源: | ||
| ISBN: | 7-80621-080-6 | |
| 000 | 00561nam0 2200193 45 | |
| 001 | 0103081551 | |
| 005 | 20010308152530.4 | |
| 010 | @a7-80621-080-6@d33.90元 | |
| 100 | @a20010308d1999 km y0chiy0120 ea | |
| 101 | 0 | @achi |
| 105 | @a z 000yy | |
| 200 | 1 | @a河道修防工与防治工@AHe Dao Xiu Fang Gong Yu Fang Zhi Gong@f杨树林主编@FYang Shu Lin Zhu Bian |
| 210 | @a郑州@c黄河水利出版社@d1999.01 | |
| 215 | @a548页@d32开 | |
| 606 | 0 | @a河道整治 |
| 690 | @aTV85@v3 | |
| 701 | 0 | @a杨树林@4主编 |
| 801 | @aCN@bPftUser@c20010308 | |
| 905 | @b327402-403@dTV85@eY461@f2 | |
| 河道修防工与防治工/杨树林主编.-郑州:黄河水利出版社,1999.01 |
| 548页;32开 |
| ISBN 7-80621-080-6:33.90元 |
| ● |
| 相关链接 |
|
|
|
正题名:河道修防工与防治工
索取号:TV85/Y461
 
预约/预借
| 序号 | 登录号 | 条形码 | 馆藏地/架位号 | 状态 | 备注 |
| 1 | 327402 | 203274027 | 自科库501/501自科库 48排6列2层/ [索取号:TV85/Y461] | 在馆 | |
| 2 | 327403 | 203274036 | 自科库501/501自科库 48排6列2层/ [索取号:TV85/Y461] | 在馆 |